000 00736nam a2200289Ia 4500
005 20260324115904.0
008 008 260324s9999 xx 000 0 eng d
020 _a9781351228756
037 _aEBOOK
040 _aCRL
040 _beng
040 _cCRL
041 _2eng
041 _aeng
084 _qCRL
100 _aPei Kang Shen; Chao-Yang Wang; San Ping Jiang; Xueliang Sun; Jiujun Zhang
_91156399
245 0 _aElectrochemical Energy
245 0 _bAdvanced Materials and Technologies
260 _bTaylor and Francis
260 _c2016
365 _a
365 _b400
856 _uhttp://www.taylorfrancis.com/books/9781351228756
942 _cEBOOK
999 _c1747606
_d1747606